Aspectos éticos y sociales de la economía
Na minha lista:
| Autor Corporativo: | |
|---|---|
| Formato: | Livro |
| Idioma: | espanhol |
| Publicado em: |
Madrid
PPC
1995
|
| Assuntos: | |
| Tags: |
Adicionar Tag
Sem tags, seja o primeiro a adicionar uma tag!
|
MARC
| LEADER | 00000nam a2200000 a 4500 | ||
|---|---|---|---|
| 001 | UCR9037 | ||
| 003 | CL-VaPUC | ||
| 008 | 980605e19950000SP |||||||||||||||||spa|d | ||
| 082 | 0 | 4 | |a 330.01 |b CON |2 21 |
| 110 | 2 | |a Consejo Pontificio Justicia y Paz |e author |9 411162 | |
| 245 | 1 | 0 | |a Aspectos éticos y sociales de la economía |
| 300 | |a 206 p | ||
| 942 | |c BK | ||
| 945 | |d 19980605 00:00:00 |a aalvarez | ||
| 260 | |a Madrid |b PPC |c 1995 | ||
| 650 | 7 | |a ECONOMIA ASPECTOS MORALES Y ETICOS |2 CL-VaPUC |9 321996 | |
| 650 | 7 | |a ETICA DE LOS NEGOCIOS |2 CL-VaPUC |9 312953 | |
| 583 | |a last modification |c 19980605 00:00:00 |k Rodrigo Vera | ||
| 999 | |c 270286 |d 270284 | ||
| 952 | |0 0 |1 0 |4 0 |6 330_010000000000000_CON_1995 |7 0 |8 A |9 304484 |a BIBTEO |b BIBTEO |d 2019-11-20 |i 3431789 |o 330.01 CON 1995 |p 3431789 |r 2025-01-17 |w 2019-11-20 |y BK |k ICR | ||